Statistiche per Completa il Proverbio - Quiz n°3

Clicka qui per fare il quiz!

Statistiche generali

  • Questo quiz è stato fatto 69 volte
  • Il punteggio medio è 12 su 15

Statistiche sulle risposte

ProverbioParola mancante% Corretto
Occhio per occhio, ____ per denteDente
98%
A mali estremi estremi _____Rimedi
98%
Quando il gatto non c'è i ____ ballanoTopi
98%
Vivi e lascia _____Vivere
98%
Tanto fumo e poco ______Arrosto
97%
Una ciliegia tira l'____Altra
95%
Roma non fu fatta in un ______Giorno
92%
________ s'imparaSbagliando
90%
Bisogna dire pane al pane e vino al ___Vino
86%
L'altezza è mezza ______Bellezza
76%
A chi tanto e a chi _____Niente
68%
Parenti _______Serpenti
57%
Né di venere, né di ____ non si sposa né si parte, né si dà principio all'arteMarte
56%
____ non fare, paura non avereMale
37%
L'acqua fa male e il vino fa ______Cantare
32%

Distribuzione punteggi

Percentile per numero di risposta

Percentuale di utenti per punteggio

I tuoi punteggi nel tempo

Non hai fatto questo quiz